<?xml version="1.0" encoding="UTF-8"?>
<collection xmlns="http://www.loc.gov/MARC21/slim">
<record>
  <controlfield tag="001">5529</controlfield>
  <controlfield tag="005">20251001112450.0</controlfield>
  <controlfield tag="008">101122s1523    sp            000 0 lat |nam a </controlfield>
  <datafield tag="040" ind1=" " ind2=" ">
    <subfield code="a">UZ.GRL</subfield>
  </datafield>
  <datafield tag="041" ind1=" " ind2=" ">
    <subfield code="a">lat</subfield>
  </datafield>
  <datafield tag="245" ind1=" " ind2=" ">
    <subfield code="a">Las cortes d' Valladolid del año de mil [e] quini-etos [e] veynte [e] tres años : quaderno de las cortes que en Valladolid tuuo su Magestad del Emperador y Rey nuestro señor el año de 1523 ..</subfield>
  </datafield>
  <datafield tag="260" ind1=" " ind2=" ">
    <subfield code="a">Salamanca :</subfield>
    <subfield code="b"> por Iuan de junta. .</subfield>
    <subfield code="c">1551, 22 Agosto </subfield>
  </datafield>
  <datafield tag="300" ind1=" " ind2=" ">
    <subfield code="a">[18] h. ;</subfield>
    <subfield code="c">29 cm.</subfield>
  </datafield>
  <datafield tag="500" ind1=" " ind2=" ">
    <subfield code="a">Letra gótica</subfield>
  </datafield>
  <datafield tag="500" ind1=" " ind2=" ">
    <subfield code="a">Pie de imp. tomado de colofón.</subfield>
  </datafield>
  <datafield tag="500" ind1=" " ind2=" ">
    <subfield code="a">Port. con escudo xil. imperial</subfield>
  </datafield>
  <datafield tag="538" ind1=" " ind2=" ">
    <subfield code="a">Texto completo System requirements: PC, World Wide Web Browser and DJVU reader</subfield>
  </datafield>
  <datafield tag="538" ind1=" " ind2=" ">
    <subfield code="a">Texto completo Available electronically via Internet</subfield>
  </datafield>
  <datafield tag="540" ind1=" " ind2=" ">
    <subfield code="9">info:eu-repo/semantics/openAccess</subfield>
    <subfield code="a">by</subfield>
    <subfield code="u">https://creativecommons.org/licenses/by/4.0/deed.es</subfield>
  </datafield>
  <datafield tag="700" ind1=" " ind2=" ">
    <subfield code="a">Junta, Juan de</subfield>
    <subfield code="e">imp.</subfield>
  </datafield>
  <datafield tag="752" ind1=" " ind2=" ">
    <subfield code="a">España</subfield>
  </datafield>
  <datafield tag="856" ind1="4" ind2=" ">
    <subfield code="s">276530045</subfield>
    <subfield code="u">http://zaguan.unizar.es/record/5529/files/H_5_84.djv</subfield>
    <subfield code="z">Texto completo</subfield>
  </datafield>
  <datafield tag="907" ind1=" " ind2=" ">
    <subfield code="a">.b1584712</subfield>
  </datafield>
  <datafield tag="909" ind1="C" ind2="O">
    <subfield code="o">oai:zaguan.unizar.es:5529</subfield>
    <subfield code="p">fondo-historico</subfield>
    <subfield code="p">driver</subfield>
  </datafield>
  <datafield tag="980" ind1=" " ind2=" ">
    <subfield code="a">FH</subfield>
    <subfield code="b">fondos</subfield>
  </datafield>
</record>
</collection>